02251cam a22003375a 4500001001000000003000400010005001700014008004100031020002500072020002500097040004100122043001200163082002100175100003800196245012700234246010400361250001200465260004300477300003200520500002400552504003100576505089900607650004801506650004501554650004401599651005701643653003401700942002101734999001701755952014101772016774674OSt20151020134718.0140424s2014 nyua frb 001 0 eng d a9781137320667 (hbk.) a9781137320674 (pbk.) aStDuBDSbengcStDuBDSdUkdEG-ScBUE  an-us---04a338.973bROB2221 aRobinson, David J.,d1966-93852710aEconomic development from the state & local perspective :bcase studies and public policy debates /cby David J. Robinson.3 aEconomic development from the state and local perspective :bcase studies and public policy debates a1st ed. aNew York :bpalgrave macmillan,c2014. axv, 308 p :bill. ;c24 cm. aIndex : p. 303-308. aBibliography : p. 265-302.0 aPreface -- Acknowledgement -- Defining economic development -- Economic development strategic planning -- Economic development organization -- The metropolis case study -- Economic development building block : land use regulation & zoning -- Economic development building block : eminent domain -- Economic development building block : annexation -- Economic development building block: infrastructure -- Economic development building blocks : workforce readiness -- Economic development building block : tax policy -- Economic development building block : quality of life -- Economic driver : energy lead economic development -- Economic driver : technology based economic development -- Economic development driver : globalism -- Economic development driver : advanced manufacturing strategy -- Economic development driver : the regional service economy -- The future of economic development. 0aEconomic developmentzUnited States.2BUEsh 0aState governmentszUnited States.2BUEsh 0aLocal governmentzUnited States.2BUEsh 0aUnited StatesxEconomic policyy21st century.2BUEsh bBUSECOcJune2015cOctober2015 2ddck338.973 ROB c19703d19675 00102ddc40708AlahramaMAINbMAINc1STd2015-06-16ePurchaseg299.00h316l0o338.973 ROBp000038567r2025-07-15 00:00:00v373.75yBB